000 00598nam a2200229Ia 4500
003 OSt
005 20220928104355.0
006 a|||||r|||| 00| 0
007 ta
008 220927b |||||||| |||| 00| 0 eng d
024 _a46152
037 _cTextual
040 _aSDCL
_cSDCL
_beng
041 _2eng
_aeng
082 _aO152,1M86x, P2
100 _aGupta Maithili Sharan
_9391543
245 0 _aSanchyita.
260 _aNew Delhi
_bRajkamal
_c2002
300 _a28,302p
_ccm.
942 _hO152,1M86x, P2
_cTEXL
_2CC
999 _c725750
_d725750